Fundamentals of reliability engineering : applications in multistage interconnection networks /

Bibliographic Details
Main Author: Gunawan, Indra
Corporate Author: ebrary, Inc
Format: eBook
Language:English
Published: Hoboken, N.J. : John Wiley & Sons, Inc., [2014]
Series:Performability engineering series.
Subjects:
Online Access:Connect to the full text of this electronic book

MARC

Tag First Indicator Second Indicator Subfields
LEADER 00000cam a22000008i 4500
001 in00003462016
006 m o d
007 cr |||
008 140328s2014 nju ob 001 0 eng
005 20250816213222.1
010 |a  2014012719 
020 |a 9781118914397 (pdf) 
020 |a 1118914392 (pdf) 
020 |a 9781118914380 (epub) 
020 |a 1118914384 (epub) 
020 |z 9781118549568 (cloth) 
020 |a 9781118914410 (electronic bk.) 
020 |a 1118914414 (electronic bk.) 
035 |a (DLC)ebr10843879 
037 |a 3599051F-54A0-4ED0-9222-D586E7E07507  |b OverDrive, Inc.  |n http://www.overdrive.com 
040 |a NhCcYBP  |c NhCcYBP  |d UtOrBLW 
042 |a pcc 
072 7 |a TEC  |x 009000  |2 bisacsh 
072 7 |a TEC  |x 035000  |2 bisacsh 
082 0 0 |a 621.39/8  |2 23 
100 1 |a Gunawan, Indra. 
245 1 0 |a Fundamentals of reliability engineering :  |b applications in multistage interconnection networks /  |c Indra Gunawan. 
246 3 0 |a Multistage interconnection networks 
263 |a 1404 
264 1 |a Hoboken, N.J. :  |b John Wiley & Sons, Inc.,  |c [2014] 
300 |a 1 online resource. 
336 |a text  |b txt  |2 rdacontent 
337 |a computer  |b n  |2 rdamedia 
338 |a online resource  |b cr  |2 rdacarrier 
490 1 |a Performability Engineering Series 
504 |a Includes bibliographical references and index. 
588 |a Description based on print version record and CIP data provided by publisher; resource not viewed. 
505 0 |a Cover; Title Page; Copyright Page; Contents; Preface; 1 Introduction to Reliability Engineering; 1.1 The Logic of Certainty; 1.2 Union (OR) operation; 1.3 Intersection (AND) operation; 1.4 Series systems; 1.5 Parallel systems; 1.6 General Series-Parallel System; 1.7 Active Redundancy; 1.8 Standby Redundancy; 1.9 Fault Tree Analysis; 1.10 Minimum Cut Sets and Path Sets; References; 2 Elements of Probability Theory; 2.1 Basic Rules of Probability; 2.2 Cumulative Distribution Function; 2.3 Probability Mass Function; 2.4 Probability Density Function; 2.5 Moments; 2.6 Percentiles; References 
505 8 |a 3 Probability Distributions 3.1 Binomial; 3.2 Poisson; 3.3 Exponential; 3.4 Weibull; 3.5 Normal; 3.6 Lognormal; 3.7 Mean Time To Failure (MTTF); References; 4 Availability; 4.1 Definition; 4.2 Summary; 4.3 Availability of Systems with Repair; References; 5 Data Analysis; 5.1 Theoretical Model and Evidence; 5.2 Censored Samples; 5.3 Bayesian Theorem; References; 6 Introduction to Network Systems; 6.1 Parallel Computing and Networks; 6.2 Network Design Considerations; 6.3 Classification of Interconnection Networks; 6.3.1 Shared-Medium Networks; 6.3.2 Direct Networks; 6.3.3 Indirect Networks 
505 8 |a 6.3.4 Hybrid NetworksReferences; 7 Classification of Multistage Interconnection Networks; 7.1 Background; 7.1.1 Unidirectional Multistage Interconnection Networks; 7.1.2 Bidirectional Multistage Interconnection Networks; 7.1.3 Architectural Models of Parallel Machines; 7.1.4 Terminology; 7.1.5 Fault-Tolerant; 7.2 Multistage Cube Network; 7.3 Extra-Stage Cube Network; 7.4 Shuffle-Exchange Network; 7.5 Shuffle-Exchange Network with an Additional Stage; 7.6 Gamma Network; 7.7 Extra-Stage Gamma Network; 7.8 Dynamic Redundancy Network; 7.9 Improved Enhanced Augmented Data Manipulator Network 
505 8 |a 7.10 Improved Logical Neighborhood Network 7.11 Comparison; References; 8 Network Reliability Evaluation Methods; 8.1 Overview of Network Reliability; 8.2 Network Model; 8.3 Network Operations; 8.4 Approaches for Calculating Network Reliability; 8.4.1 Minpaths Method; 8.4.2 Boolean Function Decomposition Method; 8.4.3 Direct Enumeration Method; 8.4.4 Inclusion-Exclusion Method; 8.4.5 Disjoint Products Method; 8.4.6 Factoring Method; 8.5 Summary; References; 9 Reliability Analysis of Multistage Interconnection Networks 
505 8 |a 9.1 Reliability Analysis of Shuffle-Exchange Network with Minimal Extra Stages 9.1.1 Terminal Reliability Comparison of SEN, SEN+, and SEN+2; 9.1.2 Broadcast Reliability Comparison of SEN, SEN+, and SEN+2; 9.1.3 Network Reliability Comparison of SEN, SEN+, and SEN+2; 9.1.4 Concluding Remarks; 9.2 Terminal Reliability Improvement in Modified Shuffle-Exchange Network; 9.2.1 Terminal Reliability of Shuffle-Exchange Network (SEN); 9.2.2 Terminal Reliability of Modified Shuffle-Exchange Network (MODSEN); 9.2.3 Comparison of the Networks; 9.2.4 Conclusion; 9.3 Reliability Bounds for Large MINs 
500 |a Electronic resource. 
650 0 |a Interconnects (Integrated circuit technology) 
650 0 |a Reliability (Engineering) 
655 7 |a Electronic books.  |2 local 
710 2 |a ebrary, Inc. 
776 1 8 |i Print version:  |a Gunawan, Indra.  |t Fundamentals of reliability engineering  |d Hoboken, N.J. : John Wiley & Sons, Inc., [2014]  |z 9781118549568  |w (DLC) 2014002686 
830 0 |a Performability engineering series. 
856 4 1 |u https://ebookcentral.proquest.com/lib/tamucs/detail.action?docID=1641079  |y Connect to the full text of this electronic book  |t 0 
955 |a PDA YBP record 
999 f f |s 136ad45c-69e3-3f81-a782-3cbbe7d8f7a4  |i a7b67141-6487-32da-9e8e-9c8ceaf18489  |t 0 
999 |a MARS 
952 f f |a Texas A&M University  |b College Station  |c Electronic Resources  |d Available Online  |t 0  |h No information provided 
998 f f |t 0  |l Available Online